000 00801nam a2200253Ia 4500
003 OSt
005 20220928125524.0
006 a|||||r|||| 00| 0
007 ta
008 220927b |||||||| |||| 00| 0 eng d
020 _cINR 299.00
024 _a133765
037 _b0265, 08/03/2017, Bookwell Publications
_cTextual
040 _aSDCL
_cSDCL
_beng
041 _2eng
_aeng
082 _aV2:1944Q7(zM)'N65, Q5 LR
100 _aRawat Rachna bisht
_9405812
245 0 _a1965
_b Stories from the secon Indo-Pak war
260 _aGurgaon
_bPenguin books
_c2015
300 _axviii,190p.
_ccm.
650 _aReference
942 _hV2:1944Q7(zM)'N65, Q5 LR
_cTEXL
_2CC
999 _c782734
_d782734